La religion égyptienne
Saved in:
| Main Author: | |
|---|---|
| Format: | Book |
| Language: | French |
| Published: |
París
Presse Universitaires de France
1949
|
| Edition: | 2a. ed |
| Series: | Mana. Introduction a Histoire des Religions. Les Anciennes Religions Orientales, 1
|
| Subjects: | |
| Tags: |
Add Tag
No Tags, Be the first to tag this record!
|
MARC
| LEADER | 00000nam a2200000 a 4500 | ||
|---|---|---|---|
| 001 | UCP5465 | ||
| 003 | CL-VaPUC | ||
| 008 | 990910e19490000FR |||||||||||||||||fre|d | ||
| 082 | 0 | 4 | |a 299.31 |b VAN |2 21 |
| 100 | 0 | |a Vandier, Jacques |e author |9 433882 | |
| 245 | 1 | 3 | |a La religion égyptienne |
| 250 | |a 2a. ed | ||
| 300 | |a 249 p | ||
| 942 | |c BK | ||
| 945 | |d 19990910 00:00:00 |a crobeson | ||
| 260 | |a París |b Presse Universitaires de France |c 1949 | ||
| 650 | 0 | |a Religiones antiguas |9 314285 | |
| 650 | 7 | |a MITOLOGIA EGIPCIA |2 CL-VaPUC |9 413070 | |
| 650 | 7 | |a DIOSES EGIPCIOS |2 CL-VaPUC |9 433883 | |
| 650 | 7 | |a LEYENDAS |2 CL-VaPUC |9 265258 | |
| 650 | 0 | |a Teología |9 258766 | |
| 650 | 0 | |a Ritos sagrados |9 389594 | |
| 583 | |a last modification |c 19990910 00:00:00 |k Rodrigo Vera | ||
| 490 | 0 | |a Mana. Introduction a Histoire des Religions. Les Anciennes Religions Orientales, 1 | |
| 999 | |c 283210 |d 283208 | ||
| 952 | |0 0 |1 0 |4 0 |6 299_310000000000000_VAN_1949 |7 0 |8 X |9 326104 |a BIBHIS |b BIBHIS |d 2019-11-20 |i 1357514 |o 299.31 VAN 1949 |p 1357514 |r 2024-01-30 |w 2019-11-20 |y BK_X |k HIS | ||